<?xml version="1.0" encoding="UTF-8"?>
<record
    xmlns:xsi="http://www.w3.org/2001/XMLSchema-instance"
    xsi:schemaLocation="http://www.loc.gov/MARC21/slim http://www.loc.gov/standards/marcxml/schema/MARC21slim.xsd"
    xmlns="http://www.loc.gov/MARC21/slim">

  <leader>00443nam a2200169Ia 4500</leader>
  <controlfield tag="008">230718s9999    xx            000 0 und d</controlfield>
  <datafield tag="020" ind1=" " ind2=" ">
    <subfield code="a">9789351106371</subfield>
  </datafield>
  <datafield tag="041" ind1=" " ind2=" ">
    <subfield code="a">eng</subfield>
  </datafield>
  <datafield tag="082" ind1=" " ind2=" ">
    <subfield code="a">681.2</subfield>
    <subfield code="b">KAR</subfield>
  </datafield>
  <datafield tag="100" ind1=" " ind2=" ">
    <subfield code="a">Karvinen T.</subfield>
  </datafield>
  <datafield tag="245" ind1=" " ind2=" ">
    <subfield code="a">Make</subfield>
    <subfield code="b">Sensors</subfield>
  </datafield>
  <datafield tag="260" ind1=" " ind2=" ">
    <subfield code="c">2014</subfield>
    <subfield code="b">SPD</subfield>
  </datafield>
  <datafield tag="300" ind1=" " ind2=" ">
    <subfield code="a">377</subfield>
  </datafield>
  <datafield tag="365" ind1=" " ind2=" ">
    <subfield code="c">Rs.</subfield>
    <subfield code="b">675.00</subfield>
  </datafield>
  <datafield tag="700" ind1=" " ind2=" ">
    <subfield code="a">Karvinen T.; Karvinen K. &amp; Valtokari V.</subfield>
  </datafield>
  <datafield tag="906" ind1=" " ind2=" ">
    <subfield code="d">O:0420923-Sep-2014B:627108-Aug-2014</subfield>
    <subfield code="c">ME INS</subfield>
    <subfield code="b">168.75</subfield>
  </datafield>
  <datafield tag="999" ind1=" " ind2=" ">
    <subfield code="c">338330</subfield>
    <subfield code="d">338330</subfield>
  </datafield>
  <datafield tag="952" ind1=" " ind2=" ">
    <subfield code="0">0</subfield>
    <subfield code="1">0</subfield>
    <subfield code="4">0</subfield>
    <subfield code="7">0</subfield>
    <subfield code="a">CCEP</subfield>
    <subfield code="b">CCEP</subfield>
    <subfield code="d">2014-09-23</subfield>
    <subfield code="e">Technical Book Services</subfield>
    <subfield code="f">ME INS</subfield>
    <subfield code="g">506.25</subfield>
    <subfield code="i">6271</subfield>
    <subfield code="l">1</subfield>
    <subfield code="o">681.2</subfield>
    <subfield code="p">CCEP-BK-49537</subfield>
    <subfield code="q">2026-06-10</subfield>
    <subfield code="r">2026-05-11 08:49:49</subfield>
    <subfield code="s">2026-05-11</subfield>
    <subfield code="t">168.75</subfield>
    <subfield code="v">675.00</subfield>
    <subfield code="w">2014-08-08</subfield>
    <subfield code="y">BK</subfield>
    <subfield code="z">049537</subfield>
  </datafield>
</record>
